Geophysical exploration; (Record no. 62121)

MARC details
000 -LEADER
fixed length control field 00909cam a22002411 4500
001 - CONTROL NUMBER
control field sa 65001598
003 - CONTROL NUMBER IDENTIFIER
control field DLC
005 - DATE AND TIME OF LATEST TRANSACTION
control field 20260227112110.0
008 - FIXED-LENGTH DATA ELEMENTS--GENERAL INFORMATION
fixed length control field 851125s1963 ii ab b f000 0 eng
010 ## - LIBRARY OF CONGRESS CONTROL NUMBER
LC control number sa 65001598
040 ## - CATALOGING SOURCE
Original cataloging agency DLC/ICU
Transcribing agency ICU
Modifying agency DLC
043 ## - GEOGRAPHIC AREA CODE
Geographic area code a-ii---
050 00 - LIBRARY OF CONGRESS CALL NUMBER
Classification number QC801
Item number .H8814 no. 5
245 00 - TITLE STATEMENT
Title Geophysical exploration;
Remainder of title proceedings of a symposium held at the Maharaja Sayajirao University, Baroda, August 15-17, 1959.
260 ## - PUBLICATION, DISTRIBUTION, ETC.
Place of publication, distribution, etc. New Delhi,
Name of publisher, distributor, etc. Council of Scientific & Industrial Research,
Date of publication, distribution, etc. 1963.
300 ## - PHYSICAL DESCRIPTION
Extent xii, 227 p.
Other physical details illus., maps (part fold.)
Dimensions 25 cm.
440 #0 - SERIES STATEMENT/ADDED ENTRY--TITLE
Title NGRI publication ;
Volume/sequential designation no. 5
500 ## - GENERAL NOTE
General note Symposium held under the auspices of the Central Board of Geophysics.
504 ## - BIBLIOGRAPHY, ETC. NOTE
Bibliography, etc. note Includes bibliographies.
650 #0 - SUBJECT ADDED ENTRY--TOPICAL TERM
Topical term or geographic name entry element Geophysics
Geographic subdivision India.
710 2# - ADDED ENTRY--CORPORATE NAME
Corporate name or jurisdiction name as entry element National Geophysical Research Institute (India)
710 2# - ADDED ENTRY--CORPORATE NAME
Corporate name or jurisdiction name as entry element Maharaja Sayajirao University of Baroda.

No items available.

Powered by Koha